000 00480nam a2200193 a 4500
001 1774864342368
003 YourLibrary
005 20260330152418.0
008 260330s1999##################000#0#eng##
020 _a9780061030048
082 0 4 _a359.984SON
100 1 _aSontag, Sherry,
_eauthor.
245 1 0 _aBlind Man's Bluff :
260 _bHarperTorch,
_c1999.
300 _a544 pages
650 0 _aHistory.
942 _cENGLISH
040 _aYourLibrary
_beng
_cYourLibrary
999 _c618291
_d618291